| 000 | 00852nam a2200301Ia 4500 | ||
|---|---|---|---|
| 008 | 170203s9999 xx 000 0 und d | ||
| 020 | _a9780709718017 | ||
| 050 | _aFic | ||
| 050 | _bD255e | ||
| 100 | _aDavies, Gill. | ||
| 245 | _aEarly readers : | ||
| 245 | _bthree read along stories / | ||
| 245 | _cstories by Gill Davies ; illustrated by Gill Guile, Stephen Holmes, Jane Swift and Lawrie Taylor. | ||
| 260 | _aEngland : | ||
| 260 | _bBrown Watson, | ||
| 260 | _c2008 | ||
| 300 | _a29 pages : | ||
| 300 | _bcolor illustrations ; | ||
| 300 | _c23 cm. | ||
| 440 | _aEarly readers. | ||
| 500 | _a"Large print reading scheme"--Cover. | ||
| 650 | _aChildren's stories -- | ||
| 650 | _aReaders -- | ||
| 650 | _aShort stories -- | ||
| 650 | _xFiction. | ||
| 650 | _xJuvenile fiction. | ||
| 650 | _xJuvenile literature. | ||
| 999 |
_c306593 _d306593 |
||